P.S.A. Pillai's criminal law / (Record no. 145013)

MARC details
000 -LEADER
fixed length control field 00661nam a22002177a 4500
005 - DATE AND TIME OF LATEST TRANSACTION
control field 20170919170223.0
010 ## - LCCN (DPL NO)
LC control number ENG-120816
020 ## - INTERNATIONAL STANDARD BOOK NUMBER
International Standard Book Number 9788131251638
Terms of availability 895.00
035 ## - SYSTEM CONTROL NUMBER
System control number EN-104348
037 ## - SOURCE OF ACQUISITION
Source of stock number/acquisition DBAD/PUB
082 ## - DEWEY DECIMAL CLASSIFICATION NUMBER
Classification number 345.42
100 ## - MAIN ENTRY--PERSONAL NAME
Personal name Pillai, P.S.A.
245 ## - TITLE STATEMENT
Title P.S.A. Pillai's criminal law /
Statement of responsibility, etc by P S A Pillai [and] K. I. Vibhute
250 ## - EDITION STATEMENT
Edition statement 13th ed
260 ## - PUBLICATION, DISTRIBUTION, ETC. (IMPRINT)
Place of publication, distribution, etc Gurgaon
Name of publisher, distributor, etc Lexis Nexis
Date of publication, distribution, etc 2017
270 ## - ADDRESS
Address 14th Floor, Building No.10, Tower-B, DLF Cyber City, Phase-II
City Gurgaon
Postal code 122002
300 ## - PHYSICAL DESCRIPTION
Extent cxxv,1111p.
Dimensions 25cm(pbk)
500 ## - GENERAL NOTE
General note Includes index
700 ## - ADDED ENTRY--PERSONAL NAME
Personal name Vibhute, K.I.
942 ## - ADDED ENTRY ELEMENTS (KOHA)
Source of classification or shelving scheme Dewey Decimal Classification
Item type English Books
Call number suffix PIL
Classification part 345.42
Holdings
Withdrawn status Lost status Not for loan Collection code Home library Current library Date acquired Source of acquisition Cost, normal purchase price Full call number Barcode Copy number Cost, replacement price Koha item type
      Reference Bawana Bawana 19/09/2017 DBAD/PUB 895.00 345.42 CRI EN-104348 1 895.00 English Books

© Delhi Public Library
Hit Counter
free hit counter